Fictional Characters by Description Quiz Stats

 Plays Quiz Updated Aug 9, 2014

Support Sporcle.
Go Orange.
Score 0/25 Timer 06:00
7 Plays Today
% Correct
Lord Voldemort
96.7%
Quasimodo
95.7%
Willy Wonka
93.6%
Alice
89%
Bob Cratchit
87%
The Time Traveler
86.6%
D'Artagnan
84.2%
Wendy Darling
83.9%
Eliza Doolittle
79.9%
Father Brown
78.4%
Lemuel Gulliver
77%
Pip
75.4%
Jane Eyre
74.5%
% Correct
Scheherazade
62.5%
Antigone
58.6%
Dmitri Karamazov
57.1%
Yuri Zhivago
54.9%
Mrs. Malaprop
52.9%
George Smiley
48.8%
Svengali
46.9%
Charles Darnay
46.3%
Rudolf Rassendyll
34.8%
Nana
29.9%
Julien Sorel
29.6%
Charles Ryder
26.3%

You're not logged in!

Compare scores with friends on all Sporcle quizzes.
OR
Log In

From the Vault

Music Band B-L-I-T-Z

by babymonkee

If you chant "B-L-I-T-Z" over and over again it'll eventually make a song.
Remove Ads.
Support Sporcle.
Get the best of Sporcle when you Go Orange. This ad-free experience offers more features, more stats, and more fun while also helping to support Sporcle. Thank you for becoming a member.

Show Comments

Extras

Top Quizzes Today


Score Distribution

Your Account Isn't Verified!

In order to create a playlist on Sporcle, you need to verify the email address you used during registration. Go to your Sporcle Settings to finish the process.

Report this User

Report this user for behavior that violates our Community Guidelines.

Details: